[Event "Ambalangoda Dhamso op 11th"]
[Site "Ambalangoda"]
[Date "2024.05.20"]
[Round "8"]
[White "Madushanka, Harsha"]
[Black "Sivathanujan, S."]
[Result "0-1"]
[WhiteElo "1744"]
[BlackElo "1881"]
[PlyCount "80"]
[EventDate "2024.05.17"]
[EventType "swiss"]
[EventRounds "10"]
[EventCountry "SRI"]
[SourceTitle "CBM 220 Extra"]
[Source "ChessBase"]
[SourceDate "2024.07.31"]
[SourceVersion "1"]
[SourceVersionDate "2024.07.31"]
[SourceQuality "1"]

1. e4 c5 2. Nc3 e6 3. Nge2 a6 4. d4 cxd4 5. Nxd4 Qc7 6. Bd3 Nf6 7. 0-0 b5 8. a3 Bb7 9. Nb3 d6 10. Be3 Nbd7 11. f3 h5 12. Qd2 Be7 13. Rfd1 h4 14. Bxb5 axb5 15. Nxb5 Qb8 16. Nxd6+ Bxd6 17. Qxd6 Qxd6 18. Rxd6 0-0 19. Bd4 e5 20. Bf2 Rfc8 21. Rc1 h3 22. g4 Nf8 23. Nc5 Bc6 24. c4 Ng6 25. Nd3 Ne8 26. Rxg6 fxg6 27. Nxe5 Nf6 28. Nxg6 Re8 29. Nf4 Nxe4 30. Nxh3 Nd2 31. Ng5 Nxf3+ 32. Nxf3 Bxf3 33. Rc3 Bc6 34. b4 Rad8 35. Rc1 Rd2 36. b5 Ree2 37. bxc6 Rxf2 38. c7 Rf8 39. Rb1 Rd7 40. Rb7 Rc8 0-1

[Event "Ambalangoda Dhamso op 11th"]
[Site "Ambalangoda"]
[Date "2024.05.20"]
[Round "7"]
[White "Somarathne, Senuka Damsath"]
[Black "Madushanka, Harsha"]
[Result "0-1"]
[WhiteElo "1519"]
[BlackElo "1744"]
[PlyCount "86"]
[EventDate "2024.05.17"]
[EventType "swiss"]
[EventRounds "10"]
[EventCountry "SRI"]
[SourceTitle "CBM 220 Extra"]
[Source "ChessBase"]
[SourceDate "2024.07.31"]
[SourceVersion "1"]
[SourceVersionDate "2024.07.31"]
[SourceQuality "1"]

1. e4 c5 2. f4 e6 3. Nf3 Nc6 4. Bb5 a6 5. Bxc6 bxc6 6. 0-0 d5 7. e5 h5 8. f5 exf5 9. d4 c4 10. Nc3 Be6 11. Bg5 Be7 12. Bxe7 Qxe7 13. Na4 Nh6 14. Qd2 0-0 15. Nc5 Kh8 16. a4 Rg8 17. Ng5 Bc8 18. Ra3 Ng4 19. Rh3 g6 20. Rg3 Qf8 21. Kh1 f6 22. h3 fxg5 23. hxg4 h4 24. Rgf3 f4 25. e6 Qf6 26. g3 hxg3 27. Rxg3 Bxe6 28. Nxe6 Qxe6 29. Re1 Qf6 30. Rh3+ Kg7 31. Qb4 Ra7 32. Qc5 Rf7 33. Rf3 Rh8+ 34. Kg2 Rh4 35. b3 Rxg4+ 36. Kf2 Rg3 37. bxc4 Rxf3+ 38. Kxf3 g4+ 39. Kxg4 f3 40. Qa3 Qxd4+ 41. Kg3 Qf4+ 42. Kf2 Qd2+ 43. Kg1 Qg2# 0-1

[Event "Ambalangoda Dhamso op 8th"]
[Site "Ambalangoda"]
[Date "2018.04.20"]
[Round "3"]
[White "Kiriella, KGTSD"]
[Black "Madushanka, Harsha"]
[Result "1-0"]
[WhiteElo "1331"]
[BlackElo "1777"]
[PlyCount "73"]
[EventDate "2018.04.19"]
[EventType "swiss"]
[EventRounds "9"]
[EventCountry "SRI"]
[SourceTitle "CBM 184 Extra"]
[Source "ChessBase"]
[SourceDate "2018.06.28"]
[SourceVersion "1"]
[SourceVersionDate "2018.06.28"]
[SourceQuality "1"]

1. e4 e5 2. Nf3 Nc6 3. d4 exd4 4. Nxd4 Bc5 5. Be3 Bb6 6. c3 d6 7. Bb5 Bd7 8. 0-0 Nf6 9. f3 0-0 10. Bxc6 bxc6 11. Nd2 Re8 12. Re1 h6 13. Bf2 c5 14. Nc2 c6 15. Nc4 d5 16. e5 Nh7 17. Nd6 Re6 18. f4 f6 19. Qh5 Qf8 20. b4 fxe5 21. bxc5 Ba5 22. Re3 exf4 23. Rxe6 Bxe6 24. Re1 Bd7 25. Bd4 Ng5 26. Qg6 Nf7 27. Re7 Be8 28. Rxe8 Rxe8 29. Nxe8 Ng5 30. Qxg7+ Qxg7 31. Nxg7 Ne4 32. Nb4 Nd2 33. Nxc6 Bc7 34. Nf5 Kh7 35. Be5 Bxe5 36. Nxe5 Ne4 37. c6 1-0

[Event "SRI-chB"]
[Site "Colombo"]
[Date "2018.03.04"]
[Round "7"]
[White "Doluweera, Dinul Thisura"]
[Black "Madushanka, Harsha"]
[Result "1-0"]
[WhiteElo "1910"]
[BlackElo "1803"]
[PlyCount "80"]
[EventDate "2018.03.01"]
[EventType "swiss"]
[EventRounds "10"]
[EventCountry "SRI"]
[SourceTitle "EXT 2019"]
[Source "ChessBase"]
[SourceDate "2018.10.10"]
[SourceVersion "1"]
[SourceVersionDate "2018.10.10"]
[SourceQuality "1"]

1. d4 Nf6 2. c4 c5 3. d5 b5 4. cxb5 a6 5. b6 Qxb6 6. Nc3 d6 7. e4 g6 8. Be2 Bg7 9. Nf3 Nbd7 10. a4 0-0 11. a5 Qb7 12. Nd2 Ne8 13. 0-0 Nc7 14. Nc4 Nb5 15. Na4 Nd4 16. Nab6 Nxe2+ 17. Qxe2 Nxb6 18. Nxb6 Rb8 19. Re1 Bd7 20. Bf4 Bb5 21. Qd2 f6 22. h4 Qc7 23. Bh6 Rf7 24. Ra3 Bxh6 25. Qxh6 Qd8 26. Rg3 Qf8 27. Qe3 Rg7 28. f4 Qf7 29. e5 f5 30. Qc3 Re8 31. Rge3 Qf8 32. Nc4 Bxc4 33. Qxc4 dxe5 34. Rxe5 Qf6 35. g3 Kf8 36. Qxc5 Rd8 37. Re6 Qf7 38. b4 Qe8 39. d6 Rd7 40. dxe7+ Kg8 1-0

[Event "Ambalangoda Dhamso op 6th"]
[Site "Ambalangoda"]
[Date "2016.05.01"]
[Round "5"]
[White "Bandara, DM Dehansa Thiyuma"]
[Black "Madushanka, Harsha"]
[Result "0-1"]
[WhiteElo "1250"]
[BlackElo "1763"]
[PlyCount "60"]
[EventDate "2016.04.29"]
[EventType "swiss"]
[EventRounds "9"]
[EventCountry "SRI"]
[SourceTitle "EXT 2017"]
[Source "ChessBase"]
[SourceDate "2016.10.25"]
[SourceVersion "1"]
[SourceVersionDate "2016.10.25"]
[SourceQuality "1"]

1. e4 c6 2. d4 d5 3. e5 Bf5 4. h4 h6 5. g4 Bh7 6. Bd3 Bxd3 7. Qxd3 e6 8. Be3 Nd7 9. Nd2 c5 10. c3 Ne7 11. f4 c4 12. Qc2 Qc7 13. f5 0-0-0 14. Ngf3 Kb8 15. 0-0-0 Qa5 16. Kb1 Rc8 17. fxe6 fxe6 18. h5 Rc6 19. Ka1 Ra6 20. b3 Nb6 21. bxc4 dxc4 22. Ne4 Ned5 23. Bd2 Na4 24. Rb1 Ba3 25. Rh3 Rf8 26. g5 hxg5 27. Nfxg5 Bb2+ 28. Rxb2 Nxb2 29. Qxb2 Rf1+ 30. Qc1 Qxa2# 0-1

[Event "Ambalangoda Dhamso op 6th"]
[Site "Ambalangoda"]
[Date "2016.04.30"]
[Round "3"]
[White "Yogananth, Y."]
[Black "Madushanka, Harsha"]
[Result "0-1"]
[WhiteElo "1341"]
[BlackElo "1763"]
[PlyCount "66"]
[EventDate "2016.04.29"]
[EventType "swiss"]
[EventRounds "9"]
[EventCountry "SRI"]
[SourceTitle "EXT 2017"]
[Source "ChessBase"]
[SourceDate "2016.10.25"]
[SourceVersion "1"]
[SourceVersionDate "2016.10.25"]
[SourceQuality "1"]

1. e4 e5 2. Nf3 Nc6 3. Bc4 Bc5 4. 0-0 d6 5. d3 Bg4 6. c3 Qd7 7. a4 a6 8. Be3 Bxe3 9. fxe3 Nf6 10. Nbd2 0-0 11. d4 Rfe8 12. Qc2 Bh5 13. h3 Bg6 14. d5 Ne7 15. Bd3 Nexd5 16. exd5 Bxd3 17. Qxd3 e4 18. Qd4 exf3 19. Rxf3 Qe7 20. Re1 Qe5 21. Qxe5 Rxe5 22. c4 Rae8 23. b3 Nd7 24. e4 Nc5 25. Rfe3 f5 26. Kf2 fxe4 27. b4 Nd3+ 28. Rxd3 exd3 29. Rxe5 Rxe5 30. Nf3 Re4 31. b5 axb5 32. axb5 Rxc4 33. Ke3 Rc5 0-1

[Event "SRI-chB"]
[Site "Colombo"]
[Date "2016.03.21"]
[Round "9"]
[White "Madushanka, Harsha"]
[Black "Liyanapathirana, Pasan Vindula"]
[Result "1/2-1/2"]
[WhiteElo "1785"]
[BlackElo "1905"]
[PlyCount "74"]
[EventDate "2016.03.12"]
[EventType "swiss"]
[EventRounds "10"]
[EventCountry "SRI"]
[SourceTitle "CBM 171 Extra"]
[Source "ChessBase"]
[SourceDate "2016.04.26"]
[SourceVersion "1"]
[SourceVersionDate "2016.04.26"]
[SourceQuality "1"]

1. e4 c5 2. Nc3 Nc6 3. Nge2 e6 4. d3 a6 5. a4 d6 6. g3 g6 7. Bg2 Bg7 8. f4 Nge7 9. 0-0 0-0 10. Kh1 Rb8 11. Be3 Nd4 12. Qd2 Qc7 13. Nd1 b5 14. axb5 axb5 15. Nc1 b4 16. Bxd4 cxd4 17. Nf2 Bd7 18. Bf3 Bc6 19. Kg1 f5 20. Nb3 e5 21. fxe5 Bxe5 22. Nh3 fxe4 23. Bxe4 Nd5 24. Rxf8+ Rxf8 25. Ng5 Qd7 26. Qg2 Ne3 27. Qe2 Bxe4 28. dxe4 Qc6 29. Ne6 Rf6 30. Nbxd4 Qxe4 31. Re1 Bxd4 32. Nxd4 Qxd4 33. Qxe3 Qxb2 34. Qd3 Qc3 35. Qxc3 bxc3 36. Re3 Rf5 37. Rxc3 Rd5 1/2-1/2

[Event "Ambalangoda Dhamso op 5th"]
[Site "Ambalangoda"]
[Date "2015.05.31"]
[Round "6"]
[White "Madushanka, Harsha"]
[Black "Mihiranga, KA Rajitha"]
[Result "1-0"]
[WhiteElo "1839"]
[BlackElo "1541"]
[PlyCount "107"]
[EventDate "2015.05.29"]
[EventType "swiss"]
[EventRounds "9"]
[EventCountry "SRI"]
[SourceTitle "EXT 2016"]
[Source "ChessBase"]
[SourceDate "2015.10.08"]
[SourceVersion "1"]
[SourceVersionDate "2015.10.08"]
[SourceQuality "1"]

1. e4 d6 2. d4 Nf6 3. Bd3 g6 4. f3 Bg7 5. Be3 c6 6. Qd2 Qc7 7. Ne2 Nbd7 8. c3 e5 9. Na3 a6 10. Bh6 Bxh6 11. Qxh6 b5 12. 0-0 Bb7 13. b4 c5 14. bxc5 exd4 15. c6 Qxc6 16. cxd4 Ke7 17. Kh1 Nb6 18. Rac1 Qd7 19. Qe3 Kf8 20. d5 Na4 21. Qd4 Ke7 22. Nf4 g5 23. Ne2 Rag8 24. Ng3 Ne8 25. Nf5+ Kf8 26. Rfe1 f6 27. Nc2 h5 28. Nb4 h4 29. h3 Kf7 30. Bc2 Nc5 31. Bd1 Ng7 32. Nxd6+ Qxd6 33. Qxc5 Qxc5 34. Rxc5 Kg6 35. Bb3 Nh5 36. Rec1 Ng3+ 37. Kh2 Ne2 38. Re1 Nf4 39. Rc7 Bc8 40. Nc6 Rg7 41. Ne7+ Kh7 42. Rec1 Nd3 43. R1c3 Ne5 44. Nxc8 Nc4 45. Rxg7+ Kxg7 46. Ne7 Kf7 47. Nf5 Nd2 48. Rc7+ Ke8 49. d6 Nxb3 50. axb3 Kd8 51. Ra7 Re8 52. Nd4 Rg8 53. Nc6+ Ke8 54. d7+ 1-0

[Event "Ambalangoda Dhamso op 3rd"]
[Site "Ambalangoda"]
[Date "2013.02.22"]
[Round "4"]
[White "Daverkausen, Bernd"]
[Black "Madushanka, Harsha"]
[Result "0-1"]
[WhiteElo "2220"]
[BlackElo "1852"]
[PlyCount "70"]
[EventDate "2013.02.21"]
[EventType "swiss"]
[EventRounds "9"]
[EventCountry "SRI"]
[SourceTitle "CBM 153 Extra"]
[Source "ChessBase"]
[SourceDate "2013.04.22"]
[SourceVersion "1"]
[SourceVersionDate "2013.04.22"]
[SourceQuality "1"]

1. c4 g6 2. e4 c6 3. d4 d5 4. Nc3 dxe4 5. Nxe4 Bg7 6. Be3 Nf6 7. Nxf6+ Bxf6 8. Qd2 b6 9. Be2 Bb7 10. Nf3 Nd7 11. 0-0-0 e5 12. dxe5 Nxe5 13. Qc3 Qe7 14. Bd4 Nd7 15. Rhe1 Bxd4 16. Nxd4 0-0-0 17. f4 Qf6 18. g3 Rhe8 19. Bf3 Rxe1 20. Rxe1 Nc5 21. Rd1 Rd6 22. Bg4+ Kc7 23. Qe3 Bc8 24. Bf3 Bd7 25. Qe5 a5 26. Rd2 h6 27. Bg2 g5 28. Nf3 gxf4 29. gxf4 Qxe5 30. fxe5 Rg6 31. Nd4 Rg4 32. Bf3 Rf4 33. Kc2 Ne4 34. Rd3 Ng5 35. Kc3 c5 0-1